|
|
|
|
| LEADER |
00000nam a2200000 a 4500 |
| 001 |
vtls009854711 |
| 003 |
SK-MaSNL |
| 005 |
20260302010609.0 |
| 008 |
210928s1977 xr f 100 0 cze |
| 035 |
|
|
|a (SVKBBclas03)vtls000239167
|
| 040 |
|
|
|a SNK
|b slo
|c SNK
|e AACR2
|
| 041 |
0 |
|
|a cze
|a slo
|
| 044 |
|
|
|a xr
|c CZ
|
| 080 |
|
|
|a 669.162.212(082)
|2 1981
|
| 245 |
0 |
0 |
|a Vyzdívky pecních vozů
|b [seminář], Brno, duben 1977 : sborník přednášek
|
| 250 |
|
|
|a 1. vyd.
|
| 260 |
|
|
|a Brno
|b ČVTS
|c 1977
|
| 300 |
|
|
|a 68, [19] s. obr. príl.
|c 4°
|
| 546 |
|
|
|a Čiast. text v slov.
|
| 650 |
0 |
7 |
|a tehliarstvo
|2 SNKPH
|9 81397
|
| 650 |
0 |
7 |
|a pece
|2 SNKPH
|9 50953
|
| 655 |
|
7 |
|a zborníky konferencií
|2 SNKPH
|9 70153
|
| 958 |
|
|
|a OND
|
| 999 |
|
|
|c 1003313
|d 1005243
|
| 952 |
|
|
|a SNK
|b SNK
|y PREZ
|7 0
|p 17A0943001
|o snkSB 25152
|i snkKIP 6315/77
|0 0
|1 0
|4 0
|d 2014-06-30
|f 1
|l 0
|r 2025-03-31 00:00:00
|w 2026-02-24
|